00265nam a2200109Ia 4500008004100000041000800041082001300049100000900062245004500071260003200116365000700148240624s9999 xx 000 0 und d aeng a330 DEO  a#N/A aGOLDEN TAP THE INSIDE STORY OF HYPER FUN c2015aNew DelhibLotus Roli cRS